000 00617nam a22002297a 4500
003 UA-OsUOA
001 99496
007 ta
008 20130429b un ||||| |||| 00| 0 ukr d
100 _aТерзакис А.
090 _a821. 14
_bТ35
942 _cBK
040 _aUA-OsUOA
_brus
_cUA-OsUOA
_dUA-OsUOA
245 _aПринцесса Изабо
_bгероический роман
300 _a558 с.
955 _a3
041 _arus
080 _a821. 14
260 _aМ.
_bПрогресс
_c1968
650 7 _a82 Література. Літературознавство
_2UDC
999 _c385738
_d385738